1144 1596 1302 1425 1142 1508 1745 1977 1004 1535 1879 1763 1637 1797 1109 1040 1687 1603 1161 1816 1132 1013 1174 1757 1817 1872 1709 1517 1752 1111 1345 1116 1789 1021 1748 1254 1161 1757 1257 1514 1805 1769 1020 1859 1599 1634 1122 1976 1468 1862 1836 1095 1384 1331 1365 1715 1231 1684 1769 1023 1513 1311 1407 1548 1285 1091 1526 1116 1039 1551 1293 1575 1750 1777 1802 1887 1458 1951 1485 1741 1908 1890 1018 1344 1454 1462 1161 1272 1296 1429 1851 1413 1513 1174 1862 1768 1746 1203 1664 BCNSPRNW ULIB Ver.6.0+V

เปลี่ยนเป็นภาษาไทย

Change to English
 แสดงรายละเอียดบรรณานุกรม
  กลับหน้าหลัก

Brief Record : Get Marc (ISO 2709) : E-mail record : QR code < ปิดหน้าต่าง
LEADER : 00000nam 2200000uu 4500
001    13399121371
003     ULIB
008    121022s2555||||th 000 0 tha d
099    วจ.QU55^bน196ผ
100 0  นภา ทองกิจ และคนอื่นๆ
245 00 ผลการให้บริการวิชาการความรู้เรื่องยา ของนักเรียนมัธยมศึกษาตอนต้น โรงเรียนหนองพระพิทยา อำเภอวังทอง จังหวัดพิษณุโลก/^cนภา ทองกิจ และคนอื่นๆ
260    พิษณุโลก:^bวิทยาลัยการสาธารณสุขสิรินธร จังหวัดพิษณุโลก,^c2555
300    35 หน้า,ภาคผนวก
650  7 ยา^xวิจัย
945    ^p0^l0^i033098
995    ทศพร
999    ^aใช้งานได้ทุกระบบ
รายการนี้ยังไม่มีแท็ก
คุณยังไม่ได้ล็อกอิน คุณสามารถมีกิจกรรมร่วมกับเว็บไซต์ได้ แต่ต้องล็อกอินก่อน ::
  ล็อกอิน

รายการสื่อสารสนเทศ

ลำดับที่ ประเภท เลขเรียก/บาร์โค้ด สถานที่ สถานะ
1. งานวิจัย
งานวิจัย
วจ.QU55 น196ผ ฉ.1 
  Barcode: 033098
ห้องสมุดวิทยาเขตสวรรค์ประชารักษ์
►วิจัย
บนชั้น

รายการใกล้เคียง
    ผู้แต่ง [นภา ทองกิจ และคนอื่นๆ]

BibComment


ยังไม่เคยถูกคอมเมนท์

คอมเมนท์ทรัพยากรรายการนี้
  คอมเมนท์: ผลการให้บริการวิช..


 Copyright 2026. Bcnsprnw @Library